[Event "Cherkasy Konsalt Apr"]
[Site "Cherkasy"]
[Date "2021.04.06"]
[Round "1"]
[White "Srinath, Rao SV"]
[Black "Khachatryan, Vahag H"]
[Result "1-0"]
[WhiteElo "2381"]
[BlackElo "2222"]
[PlyCount "63"]
[EventDate "2021.04.06"]
[EventType "tourn"]
[EventRounds "9"]
[EventCountry "UKR"]
[SourceTitle "CBM 201 Extra"]
[Source "ChessBase"]
[SourceDate "2021.05.31"]
[SourceVersion "1"]
[SourceVersionDate "2021.05.31"]
[SourceQuality "1"]

1. e4 c5 2. Nf3 e6 3. c3 d6 4. d4 Qc7 5. Bd3 Nd7 6. 0-0 Ngf6 7. Re1 e5 8. dxe5 dxe5 9. Qb3 Nb6 10. Bb5+ Nfd7 11. Na3 Be7 12. Bd2 0-0 13. Bf1 a6 14. c4 Qc6 15. Ba5 f6 16. Nc2 Kh8 17. Rad1 Na4 18. Ne3 g6 19. Nd5 Bd6 20. Qc2 b6 21. Bd2 b5 22. Bh6 Rd8 23. Rd2 Nab6 24. Red1 Nxd5 25. Rxd5 Nb6 26. cxb5 axb5 27. Rxc5 Qe8 28. Rxb5 Rb8 29. Rxd6 Rxd6 30. Qc7 Qd7 31. Qxb8 Rd1 32. Qxb6 1-0

[Event "UKR-chT 17th"]
[Site "Alushta"]
[Date "2010.05.18"]
[Round "8.4"]
[White "Prokhorov, Alexander"]
[Black "Khachatryan, Vahag H"]
[Result "1/2-1/2"]
[WhiteElo "2238"]
[BlackElo "2224"]
[PlyCount "74"]
[EventDate "2010.05.13"]
[EventType "team-tourn"]
[EventRounds "11"]
[EventCountry "UKR"]
[SourceTitle "EXT 2019"]
[Source "ChessBase"]
[SourceDate "2018.10.10"]
[SourceVersion "1"]
[SourceVersionDate "2018.10.10"]
[SourceQuality "1"]
[WhiteTeam "Luhansk LugPokerChess"]
[BlackTeam "Cherkasy Etiud"]
[WhiteTeamCountry "UKR"]
[BlackTeamCountry "UKR"]

1. e4 c5 2. Ne2 Nc6 3. Nbc3 e6 4. d4 cxd4 5. Nxd4 Nf6 6. Nxc6 bxc6 7. Bd3 d5 8. 0-0 Be7 9. Qe2 0-0 10. b3 Nd7 11. Bb2 Nc5 12. Rfe1 Bf6 13. Nd1 a5 14. Bxf6 Qxf6 15. e5 Qf4 16. c3 a4 17. b4 Nxd3 18. Qxd3 a3 19. g3 Qg5 20. h4 Qe7 21. Ne3 c5 22. Rab1 Ba6 23. Qd2 Rfc8 24. bxc5 Qxc5 25. Rb3 Bc4 26. Rb4 Bb5 27. Reb1 Ba4 28. Qd4 Qxd4 29. cxd4 h5 30. f3 Rc3 31. Kf2 Bc2 32. Rb8+ Rxb8 33. Rxb8+ Kh7 34. Ke2 Bg6 35. Rb4 Kg8 36. Rb8+ Kh7 37. Rb4 Kg8 1/2-1/2

[Event "UKR-chT 17th"]
[Site "Alushta"]
[Date "2010.05.14"]
[Round "2.4"]
[White "Biriukov, Nikolai"]
[Black "Khachatryan, Vahag H"]
[Result "1/2-1/2"]
[WhiteElo "2325"]
[BlackElo "2224"]
[PlyCount "61"]
[EventDate "2010.05.13"]
[EventType "team-tourn"]
[EventRounds "11"]
[EventCountry "UKR"]
[SourceTitle "EXT 2019"]
[Source "ChessBase"]
[SourceDate "2018.10.10"]
[SourceVersion "1"]
[SourceVersionDate "2018.10.10"]
[SourceQuality "1"]
[WhiteTeam "Simferopol Tavriya"]
[BlackTeam "Cherkasy Etiud"]
[WhiteTeamCountry "UKR"]
[BlackTeamCountry "UKR"]

1. c4 e6 2. Nc3 d5 3. d4 Be7 4. Nf3 Nf6 5. Bg5 0-0 6. Qc2 h6 7. Bh4 b6 8. Bxf6 Bxf6 9. e4 c5 10. cxd5 Bxd4 11. Nxd4 cxd4 12. Nb5 a6 13. Nxd4 exd5 14. 0-0-0 Ra7 15. Kb1 Rc7 16. Qb3 Bb7 17. e5 Nd7 18. Qg3 Nc5 19. Bd3 Qg5 20. f4 Qxg3 21. hxg3 Ne4 22. Bxe4 dxe4 23. Nf5 f6 24. e6 Re8 25. Rd6 Rc5 26. g4 Bd5 27. Nd4 e3 28. b4 Be4+ 29. Kb2 Rd5 30. Rxd5 Bxd5 31. Re1 1/2-1/2

[Event "UKR-chT 17th"]
[Site "Alushta"]
[Date "2010.05.14"]
[Round "3.4"]
[White "Khachatryan, Vahag H"]
[Black "Triapishko, Alexandr"]
[Result "1-0"]
[WhiteElo "2224"]
[BlackElo "1877"]
[PlyCount "83"]
[EventDate "2010.05.13"]
[EventType "team-tourn"]
[EventRounds "11"]
[EventCountry "UKR"]
[SourceTitle "EXT 2019"]
[Source "ChessBase"]
[SourceDate "2018.10.10"]
[SourceVersion "1"]
[SourceVersionDate "2018.10.10"]
[SourceQuality "1"]
[WhiteTeam "Cherkasy Etiud"]
[BlackTeam "Krim KRDY"]
[WhiteTeamCountry "UKR"]
[BlackTeamCountry "UKR"]

1. d4 b6 2. e4 e6 3. Bd3 Bb7 4. Ne2 c5 5. c3 d6 6. 0-0 Nd7 7. f4 Qc7 8. a4 Ngf6 9. Nd2 a6 10. e5 Nd5 11. Ne4 Be7 12. Bd2 dxe5 13. fxe5 c4 14. Bc2 f5 15. exf6 N7xf6 16. Nf4 Nxf4 17. Bxf4 Qc6 18. Nxf6+ gxf6 19. Qh5+ Kd7 20. Qh3 Qd5 21. Rae1 Rhg8 22. Rf2 Rae8 23. Rxe6 Qxe6 24. Bf5 Bf8 25. Bxe6+ Rxe6 26. Re2 Bd5 27. Rxe6 Bxe6 28. Qf3 Ke8 29. Qe4 Kf7 30. Qxh7+ Rg7 31. Qh5+ Rg6 32. Qf3 Kg7 33. h4 f5 34. h5 Rg4 35. Be5+ Kg8 36. Qa8 Kf7 37. d5 Bd7 38. Qd8 Bxa4 39. Qf6+ Ke8 40. Qe6+ Kd8 41. Bf6+ Kc7 42. Qf7+ 1-0

[Event "UKR-ch U20"]
[Site "Ukraine"]
[Date "2010.??.??"]
[Round "9"]
[White "Khachatryan, Vahag H"]
[Black "Kovalyov, Eduard"]
[Result "1-0"]
[WhiteElo "2220"]
[BlackElo "2195"]
[PlyCount "53"]
[EventDate "2010.??.??"]
[EventType "swiss"]
[EventRounds "11"]
[EventCountry "UKR"]
[SourceTitle "EXT 2012"]
[Source "ChessBase"]
[SourceDate "2011.11.24"]
[SourceVersion "1"]
[SourceVersionDate "2011.11.24"]
[SourceQuality "1"]

1. d4 Nf6 2. c4 g6 3. Nc3 Bg7 4. e4 d6 5. h3 0-0 6. Nf3 e5 7. d5 a5 8. Bg5 Na6 9. g4 Qe8 10. Nd2 Nd7 11. a3 Nb6 12. Be2 f6 13. Be3 f5 14. gxf5 gxf5 15. exf5 Bxf5 16. Nde4 Nd7 17. Rg1 Kh8 18. Bh5 Qc8 19. Ng5 Ndc5 20. Nf7+ Rxf7 21. Bxf7 Nd3+ 22. Kd2 Nxb2 23. Qh5 Nxc4+ 24. Ke2 Nxe3 25. fxe3 Qd7 26. Rg5 Be4 27. Rag1 1-0

[Event "UKR-ch U20"]
[Site "Ukraine"]
[Date "2010.??.??"]
[Round "5"]
[White "Khachatryan, Vahag H"]
[Black "Lavrov, Maxim"]
[Result "0-1"]
[WhiteElo "2220"]
[BlackElo "2135"]
[PlyCount "98"]
[EventDate "2010.??.??"]
[EventType "swiss"]
[EventRounds "11"]
[EventCountry "UKR"]
[SourceTitle "EXT 2012"]
[Source "ChessBase"]
[SourceDate "2011.11.24"]
[SourceVersion "1"]
[SourceVersionDate "2011.11.24"]
[SourceQuality "1"]

1. d4 Nf6 2. c4 e6 3. Nc3 Bb4 4. e3 c5 5. a3 Bxc3+ 6. bxc3 d6 7. Bd3 Nc6 8. Ne2 e5 9. 0-0 0-0 10. e4 Re8 11. d5 Na5 12. Ng3 b6 13. Rb1 Rb8 14. Bg5 h6 15. Bd2 Rb7 16. h3 Nh7 17. f4 exf4 18. Bxf4 Nf8 19. Nf5 Bxf5 20. exf5 Qf6 21. Qd2 Nd7 22. g4 Ne5 23. g5 hxg5 24. Bxg5 Naxc4 25. Bxc4 Nxc4 26. Qf4 Qe5 27. Rbe1 Qxe1 28. Rxe1 Rxe1+ 29. Kf2 Ne5 30. Qg3 Re4 31. Bf6 Rf4+ 32. Kg1 Ng6 33. Bd8 Rxf5 34. Qxd6 Nf8 35. Qc6 Rd7 36. Bc7 Rfxd5 37. Bb8 Rd2 38. h4 Ra2 39. Bd6 Rd2 40. Bf4 Re2 41. Qa4 b5 42. Qb3 Ne6 43. Bg3 Rdd2 44. Kf1 a6 45. Be1 c4 46. Qb4 Ra2 47. Qd6 Re4 48. Bg3 Re3 49. Be5 Rd3 0-1

[Event "UKR-ch U20"]
[Site "Ukraine"]
[Date "2010.??.??"]
[Round "1"]
[White "Khachatryan, Vahag H"]
[Black "Minenko, Andrey V"]
[Result "1-0"]
[WhiteElo "2220"]
[BlackElo "1740"]
[PlyCount "93"]
[EventDate "2010.??.??"]
[EventType "swiss"]
[EventRounds "11"]
[EventCountry "UKR"]
[SourceTitle "EXT 2012"]
[Source "ChessBase"]
[SourceDate "2011.11.24"]
[SourceVersion "1"]
[SourceVersionDate "2011.11.24"]
[SourceQuality "1"]

1. d4 Nf6 2. c4 e6 3. Nc3 Bb4 4. a3 Bxc3+ 5. bxc3 c5 6. e3 0-0 7. Bd3 Nc6 8. Ne2 d6 9. e4 e5 10. d5 Na5 11. Ng3 Rb8 12. Rb1 Re8 13. 0-0 Nd7 14. Nf5 Nf8 15. Ne3 b6 16. Kh1 Rb7 17. f3 f6 18. g3 Rbe7 19. Rb2 Kh8 20. h4 g6 21. h5 g5 22. Rbf2 h6 23. f4 Nh7 24. fxg5 fxg5 25. Kh2 Kg7 26. Be2 Rf8 27. Rxf8 Nxf8 28. Bg4 Bxg4 29. Nxg4 Nh7 30. Ne3 Rf7 31. Nf5+ Rxf5 32. Rxf5 Qe7 33. Rf1 Nf6 34. Kg2 Qd7 35. Qf3 Nh7 36. Qe2 Kg8 37. Rf5 Kg7 38. Qg4 Qe8 39. Rf2 Nb3 40. Be3 Na5 41. Qe6 Qxe6 42. dxe6 Nf6 43. e7 Ne8 44. Rf8 Nxc4 45. Rxe8 Nxe3+ 46. Kf3 Kf7 47. Ra8 1-0

[Event "UKR-ch U20"]
[Site "Ukraine"]
[Date "2010.??.??"]
[Round "7"]
[White "Kurayan, Ruslan"]
[Black "Khachatryan, Vahag H"]
[Result "1/2-1/2"]
[WhiteElo "2285"]
[BlackElo "2220"]
[PlyCount "26"]
[EventDate "2010.??.??"]
[EventType "swiss"]
[EventRounds "11"]
[EventCountry "UKR"]
[SourceTitle "EXT 2012"]
[Source "ChessBase"]
[SourceDate "2011.11.24"]
[SourceVersion "1"]
[SourceVersionDate "2011.11.24"]
[SourceQuality "1"]

1. c4 e6 2. Nc3 d5 3. d4 Be7 4. Nf3 Nf6 5. Bg5 0-0 6. cxd5 Nxd5 7. Bxe7 Qxe7 8. Nxd5 exd5 9. e3 Qb4+ 10. Qd2 Qxd2+ 11. Kxd2 c6 12. Ne5 Nd7 13. Nxd7 Bxd7 1/2-1/2

[Event "UKR-ch U20"]
[Site "Ukraine"]
[Date "2010.??.??"]
[Round "10"]
[White "Volovikov, Anton"]
[Black "Khachatryan, Vahag H"]
[Result "1-0"]
[WhiteElo "2280"]
[BlackElo "2220"]
[PlyCount "61"]
[EventDate "2010.??.??"]
[EventType "swiss"]
[EventRounds "11"]
[EventCountry "UKR"]
[SourceTitle "EXT 2012"]
[Source "ChessBase"]
[SourceDate "2011.11.24"]
[SourceVersion "1"]
[SourceVersionDate "2011.11.24"]
[SourceQuality "1"]

1. e4 c5 2. Nc3 Nc6 3. Bb5 Nd4 4. a4 g6 5. Nge2 Bg7 6. 0-0 e6 7. Nxd4 cxd4 8. Ne2 Ne7 9. c3 a6 10. Bc4 Nc6 11. f4 d5 12. exd5 exd5 13. Ba2 0-0 14. Ng3 h5 15. f5 h4 16. fxg6 fxg6 17. Rxf8+ Bxf8 18. Ne4 Kh7 19. Bxd5 d3 20. Qf3 Ne5 21. Qf4 Bd6 22. Nxd6 Qxd6 23. Qxh4+ Kg7 24. Qd4 Qf6 25. b3 Bf5 26. Bb2 Re8 27. c4 Kh6 28. Rf1 Qg5 29. Bxb7 Qe7 30. Bd5 Kh7 31. Kh1 1-0

[Event "Chervonograd"]
[Site "Chervonograd"]
[Date "2009.12.18"]
[Round "6"]
[White "Khachatryan, Vahag H"]
[Black "Gavrish, Leonid"]
[Result "1/2-1/2"]
[WhiteElo "2209"]
[BlackElo "2217"]
[PlyCount "103"]
[EventDate "2009.12.15"]
[EventType "tourn"]
[EventRounds "13"]
[EventCountry "UKR"]
[EventCategory "2"]
[SourceTitle "CBM 134 Extra"]
[Source "ChessBase"]
[SourceDate "2010.03.03"]
[SourceVersion "1"]
[SourceVersionDate "2010.03.03"]
[SourceQuality "1"]

1. c4 Nf6 2. Nc3 c5 3. g3 g6 4. Bg2 Bg7 5. e4 Nc6 6. Nge2 0-0 7. 0-0 d6 8. d3 Rb8 9. h3 Bd7 10. Be3 e5 11. f4 Nd4 12. Qd2 Qa5 13. Kh2 b5 14. fxe5 dxe5 15. cxb5 Bxb5 16. Bg5 Rb6 17. Rac1 Nxe2 18. Qxe2 Ba6 19. b3 Rd6 20. Rf3 h6 21. Bxf6 Rxf6 22. Nd5 Rxf3 23. Bxf3 Re8 24. Rc2 Bb7 25. Qf2 Bxd5 26. Rxc5 Qb6 27. exd5 Bf8 28. Rc2 Rc8 29. Re2 Qxf2+ 30. Rxf2 Rc3 31. Rd2 Bc5 32. Kg2 Kf8 33. Re2 f6 34. g4 Rxd3 35. Be4 Rd1 36. Rc2 Bb6 37. Bxg6 Rxd5 38. Kf3 Kg7 39. Bf5 Rd1 40. a4 Rh1 41. Kg2 Rg1+ 42. Kh2 Ra1 43. Kg2 Kf7 44. Be4 Ke7 45. h4 Rg1+ 46. Kh3 Re1 47. Bd5 Kd6 48. Bc4 Re3+ 49. Kg2 e4 50. Re2 a5 51. Rxe3 Bxe3 52. h5 1/2-1/2

[Event "Chervonograd"]
[Site "Chervonograd"]
[Date "2009.12.16"]
[Round "3"]
[White "Rakhmangulov, Andrei"]
[Black "Khachatryan, Vahag H"]
[Result "1-0"]
[WhiteElo "2367"]
[BlackElo "2209"]
[PlyCount "79"]
[EventDate "2009.12.15"]
[EventType "tourn"]
[EventRounds "13"]
[EventCountry "UKR"]
[EventCategory "2"]
[SourceTitle "CBM 134 Extra"]
[Source "ChessBase"]
[SourceDate "2010.03.03"]
[SourceVersion "1"]
[SourceVersionDate "2010.03.03"]
[SourceQuality "1"]

1. d4 e6 2. Nf3 d5 3. c4 Nf6 4. Nc3 Be7 5. cxd5 exd5 6. Bf4 c6 7. Qc2 0-0 8. e3 Nbd7 9. Bd3 Re8 10. 0-0 Nf8 11. Rab1 a5 12. a3 Ng6 13. Bg3 Bd6 14. b4 axb4 15. axb4 Bxg3 16. hxg3 Bg4 17. b5 Bxf3 18. gxf3 Qd6 19. bxc6 bxc6 20. Kg2 Ne7 21. Na4 g6 22. Nc5 Reb8 23. Rxb8+ Rxb8 24. Ra1 Nd7 25. Nxd7 Qxd7 26. Qc5 Kg7 27. e4 Rb3 28. Ra7 Rb7 29. Ra8 Qe6 30. e5 Rb3 31. Bc2 Rb7 32. Rd8 Rd7 33. Re8 Rb7 34. Rd8 Rd7 35. Rb8 f6 36. f4 Kf7 37. Qa3 Rc7 38. Rd8 Rd7 39. Rh8 Kg7 40. Re8 1-0

[Event "Chervonograd"]
[Site "Chervonograd"]
[Date "2009.12.15"]
[Round "1"]
[White "Gudok, Viktor V"]
[Black "Khachatryan, Vahag H"]
[Result "1/2-1/2"]
[WhiteElo "2370"]
[BlackElo "2209"]
[PlyCount "79"]
[EventDate "2009.12.15"]
[EventType "tourn"]
[EventRounds "13"]
[EventCountry "UKR"]
[EventCategory "2"]
[SourceTitle "CBM 134 Extra"]
[Source "ChessBase"]
[SourceDate "2010.03.03"]
[SourceVersion "1"]
[SourceVersionDate "2010.03.03"]
[SourceQuality "1"]

1. e4 c5 2. Nf3 Nc6 3. Bb5 e6 4. 0-0 Nge7 5. c3 a6 6. Ba4 b5 7. Bc2 Bb7 8. d4 cxd4 9. Nxd4 g6 10. Bg5 Bg7 11. Nxc6 Bxc6 12. Qd6 f6 13. Be3 0-0 14. a4 Re8 15. axb5 axb5 16. Rxa8 Qxa8 17. f3 Qb8 18. Bc5 Qxd6 19. Bxd6 Nc8 20. Bc5 Bf8 21. Bxf8 Kxf8 22. Nd2 Nb6 23. Bb3 Ra8 24. Kf2 Ke7 25. f4 Na4 26. Rb1 Nc5 27. Ke3 f5 28. Bc2 Ra2 29. g3 d6 30. Kd4 Na4 31. exf5 gxf5 32. c4 b4 33. Bxa4 Bxa4 34. c5 dxc5+ 35. Kxc5 Bc2 36. Rc1 b3 37. Nc4 Bd3 38. Ne5 Bc2 39. Nc4 Bd3 40. Ne5 1/2-1/2

[Event "Yuzhny op"]
[Site "Yuzhny"]
[Date "2009.09.12"]
[Round "7"]
[White "Khachatryan, Vahag H"]
[Black "Polivanov, Anatoliy"]
[Result "1-0"]
[WhiteElo "2205"]
[BlackElo "2382"]
[PlyCount "71"]
[EventDate "2009.09.08"]
[EventType "swiss"]
[EventRounds "9"]
[EventCountry "UKR"]
[SourceTitle "CBM 132 Extra"]
[Source "ChessBase"]
[SourceDate "2009.11.03"]
[SourceVersion "1"]
[SourceVersionDate "2009.11.03"]
[SourceQuality "1"]

1. d4 Nf6 2. c4 e6 3. Nc3 Bb4 4. a3 Bxc3+ 5. bxc3 c5 6. e3 b6 7. Bd3 Bb7 8. f3 Nc6 9. Ne2 0-0 10. 0-0 Rc8 11. e4 Ne8 12. e5 d6 13. f4 Na5 14. f5 cxd4 15. fxe6 dxe5 16. exf7+ Rxf7 17. Bxh7+ Kf8 18. Bg6 Rxf1+ 19. Qxf1+ Nf6 20. cxd4 Rxc4 21. Be3 e4 22. Qf4 Kg8 23. Qh4 Rc2 24. Bg5 Rxe2 25. Bxf6 Qxf6 26. Qh7+ Kf8 27. Rf1 Re1 28. Rxe1 Qxd4+ 29. Kh1 e3 30. Qh8+ Ke7 31. Qe8+ Kd6 32. Qd8+ Kc5 33. Rc1+ Nc4 34. Qc7+ Bc6 35. Be8 Qe4 36. Bxc6 1-0

[Event "Yuzhny op"]
[Site "Yuzhny"]
[Date "2009.09.09"]
[Round "2"]
[White "Vasiliev, Mikhail"]
[Black "Khachatryan, Vahag H"]
[Result "1/2-1/2"]
[WhiteElo "2027"]
[BlackElo "2205"]
[PlyCount "83"]
[EventDate "2009.09.08"]
[EventType "swiss"]
[EventRounds "9"]
[EventCountry "UKR"]
[SourceTitle "CBM 132 Extra"]
[Source "ChessBase"]
[SourceDate "2009.11.03"]
[SourceVersion "1"]
[SourceVersionDate "2009.11.03"]
[SourceQuality "1"]

1. e4 c5 2. c3 d5 3. exd5 Qxd5 4. d4 Nf6 5. Nf3 Bg4 6. Be2 e6 7. 0-0 Nc6 8. Be3 cxd4 9. Nxd4 Bxe2 10. Qxe2 Bc5 11. Rd1 Nxd4 12. Bxd4 Bxd4 13. Rxd4 Qf5 14. Na3 0-0 15. Rad1 e5 16. Rb4 Rad8 17. Re1 b6 18. Rb5 Rfe8 19. Nc4 Nd5 20. g3 f6 21. a4 Qe6 22. Ne3 Nxe3 23. Qxe3 Rd6 24. a5 Qd7 25. Rb3 Rd3 26. Qe4 b5 27. Qb4 a6 28. c4 Rxb3 29. Qxb3 Qe6 30. Rd1 Rc8 31. Qb4 Rxc4 32. Rd8+ Kf7 33. Qf8+ Kg6 34. Rd6 Rc1+ 35. Kg2 Qc4 36. Qe8+ Kh6 37. Qxe5 Qf1+ 38. Kf3 Rc4 39. Qe3+ Kg6 40. Qe8+ Kh6 41. Qe3+ Kg6 42. Qe8+ 1/2-1/2

[Event "Poltava"]
[Site "Poltava"]
[Date "2009.07.07"]
[Round "11"]
[White "Ivanov, Alexander Al"]
[Black "Khachatryan, Vahag H"]
[Result "1-0"]
[WhiteElo "2503"]
[BlackElo "2163"]
[PlyCount "119"]
[EventDate "2009.06.27"]
[EventType "tourn"]
[EventRounds "11"]
[EventCountry "UKR"]
[EventCategory "6"]
[SourceTitle "CBM 131 Extra"]
[Source "ChessBase"]
[SourceDate "2009.09.03"]
[SourceVersion "2"]
[SourceVersionDate "2009.09.16"]
[SourceQuality "1"]

1. e4 e5 2. Nf3 Nc6 3. Bb5 Nf6 4. d3 d6 5. 0-0 Be7 6. c3 0-0 7. Re1 Bd7 8. Ba4 Re8 9. d4 h6 10. dxe5 Nxe5 11. Nxe5 dxe5 12. Nd2 Bc5 13. h3 b5 14. Bc2 Bc6 15. Qf3 a5 16. a4 bxa4 17. Bxa4 Bxa4 18. Rxa4 Qd7 19. Ra1 a4 20. Nf1 Qc6 21. Ng3 Bf8 22. Nf5 Kh7 23. g4 g6 24. Ng3 Kg8 25. Kg2 Nd7 26. h4 Nc5 27. h5 Nb3 28. Rb1 Nxc1 29. Rbxc1 Rab8 30. Re2 Rb5 31. Qd3 Be7 32. c4 Rb3 33. Qd5 Qxd5 34. exd5 Reb8 35. Rcc2 Bc5 36. hxg6 fxg6 37. Ne4 Bd4 38. Nf6+ Kf7 39. Nd7 Rxb2 40. Nxb8 Rxb8 41. Ra2 Ra8 42. Re4 c5 43. f4 a3 44. fxe5 Bb2 45. Kf3 Ke7 46. e6 Rf8+ 47. Ke2 h5 48. gxh5 gxh5 49. Rh4 Rf5 50. Kd3 Kd6 51. Re4 Rf8 52. Rh4 Rf5 53. Kc2 Rf2+ 54. Kb3 Rf3+ 55. Ka4 Rc3 56. Re4 Ke7 57. d6+ Ke8 58. Kb5 Rc2 59. Kc6 Rd2 60. e7 1-0

[Event "Poltava"]
[Site "Poltava"]
[Date "2009.07.05"]
[Round "9"]
[White "Iakymov, Volodymyr"]
[Black "Khachatryan, Vahag H"]
[Result "1-0"]
[WhiteElo "2453"]
[BlackElo "2163"]
[PlyCount "51"]
[EventDate "2009.06.27"]
[EventType "tourn"]
[EventRounds "11"]
[EventCountry "UKR"]
[EventCategory "6"]
[SourceTitle "CBM 131 Extra"]
[Source "ChessBase"]
[SourceDate "2009.09.03"]
[SourceVersion "2"]
[SourceVersionDate "2009.09.16"]
[SourceQuality "1"]

1. e4 c5 2. c3 d5 3. exd5 Qxd5 4. d4 e6 5. Nf3 Nf6 6. Be3 cxd4 7. cxd4 Nc6 8. Nc3 Qd8 9. Bc4 a6 10. 0-0 Be7 11. Ne5 Bd7 12. Be2 0-0 13. Bf3 Rb8 14. Rc1 Be8 15. a3 Bd6 16. Nc4 Bc7 17. d5 exd5 18. Nxd5 Nxd5 19. Qxd5 Qxd5 20. Bxd5 Rd8 21. Rfd1 Bd7 22. Bc5 Rfe8 23. Bd4 Bg4 24. Bxc6 Bxd1 25. Bxe8 Bd6 26. Bd7 1-0

[Event "Poltava"]
[Site "Poltava"]
[Date "2009.06.30"]
[Round "4"]
[White "Khachatryan, Vahag H"]
[Black "Maximov, Dmitry"]
[Result "0-1"]
[WhiteElo "2163"]
[BlackElo "2485"]
[PlyCount "108"]
[EventDate "2009.06.27"]
[EventType "tourn"]
[EventRounds "11"]
[EventCountry "UKR"]
[EventCategory "6"]
[SourceTitle "CBM 131 Extra"]
[Source "ChessBase"]
[SourceDate "2009.09.03"]
[SourceVersion "2"]
[SourceVersionDate "2009.09.16"]
[SourceQuality "1"]

1. d4 Nf6 2. c4 g6 3. Nc3 Bg7 4. e4 d6 5. h3 0-0 6. Nf3 e5 7. d5 a5 8. Bg5 h6 9. Be3 Na6 10. Nd2 Nh7 11. g4 f5 12. exf5 gxf5 13. gxf5 Bxf5 14. Nde4 Qh4 15. Bd3 Kh8 16. a3 Nf6 17. Nxf6 Qxf6 18. Ne4 Qg6 19. Qc2 c6 20. 0-0-0 cxd5 21. cxd5 Rac8 22. Nc3 b5 23. Bxf5 Rxf5 24. Qe2 Nc5 25. Qxb5 Rff8 26. Rhg1 Qh7 27. Bxc5 Rxc5 28. Qe2 Bf6 29. Rd3 e4 30. Rdg3 Bg5+ 31. Kd1 Rf5 32. h4 Rfxd5+ 33. Ke1 e3 34. fxe3 Bxh4 35. Nxd5 Bxg3+ 36. Rxg3 Qb1+ 37. Kf2 Rc2 38. Nf4 Rxe2+ 39. Nxe2 Qxb2 40. e4 Kh7 41. Rd3 Qf6+ 42. Rf3 Qh4+ 43. Ng3 Qh2+ 44. Ke3 Qb2 45. Kf4 Qe5+ 46. Kg4 Kg6 47. Rf5 Qe6 48. Kf4 Qa2 49. Rd5 Qxa3 50. Nf5 a4 51. Nxd6 Qc1+ 52. Kf3 a3 53. Nf5 a2 54. Nh4+ Kf7 0-1

[Event "UKR-ch sf U18"]
[Site "Kharkov"]
[Date "2008.10.05"]
[Round "4"]
[White "Khachatryan, Vahag H"]
[Black "Kruglyakov, Pavlo"]
[Result "0-1"]
[WhiteElo "2102"]
[BlackElo "2315"]
[PlyCount "72"]
[EventDate "2008.10.02"]
[EventType "swiss"]
[EventRounds "9"]
[EventCountry "UKR"]
[SourceTitle "CBM 126 Extra"]
[Source "ChessBase"]
[SourceDate "2008.11.05"]
[SourceVersion "1"]
[SourceVersionDate "2008.11.05"]
[SourceQuality "1"]

1. d4 Nf6 2. c4 g6 3. Nc3 Bg7 4. e4 d6 5. Nf3 0-0 6. Be2 e5 7. d5 a5 8. h3 Na6 9. Bg5 Bd7 10. Nd2 Qe8 11. 0-0 h6 12. Be3 Nh7 13. Re1 f5 14. exf5 gxf5 15. f4 Nf6 16. Nf1 Qg6 17. Kh1 Kh8 18. Rc1 Rg8 19. Qd2 Rae8 20. Bf3 b6 21. Qf2 Nb4 22. Be2 exf4 23. Bxf4 Ne4 24. Nxe4 Rxe4 25. Bd2 Bxb2 26. Bc3+ Bxc3 27. Rxc3 Qf6 28. Qf3 Qh4 29. Rd1 Nxa2 30. Rcd3 Nb4 31. Ng3 Rxg3 32. Qxg3 Qxg3 33. Rxg3 Rxe2 34. Rf3 Ba4 35. Rd4 Bc2 36. Kg1 Be4 0-1

[Event "Geller Memorial op-A 4th"]
[Site "Odessa"]
[Date "2008.09.09"]
[Round "1"]
[White "Khachatryan, Vahag H"]
[Black "Dmitriev, Igor"]
[Result "1/2-1/2"]
[WhiteElo "2102"]
[BlackElo "2364"]
[PlyCount "88"]
[EventDate "2008.09.09"]
[EventType "swiss"]
[EventRounds "9"]
[EventCountry "UKR"]
[SourceTitle "CBM 126 Extra"]
[Source "ChessBase"]
[SourceDate "2008.11.05"]
[SourceVersion "1"]
[SourceVersionDate "2008.11.05"]
[SourceQuality "1"]

1. d4 Nc6 2. Nf3 d5 3. Bf4 Bg4 4. e3 e6 5. Be2 Bd6 6. Bxd6 cxd6 7. Nbd2 Qb6 8. 0-0 Nf6 9. b3 0-0 10. h3 Bh5 11. c4 a5 12. a3 Rad8 13. Qc2 Rfe8 14. Bd3 Qa7 15. cxd5 exd5 16. g4 Bg6 17. Bxg6 hxg6 18. Ng5 Qa6 19. Rac1 Rc8 20. Rfe1 Na7 21. Qb2 Qd3 22. Rxc8 Rxc8 23. Rc1 Rxc1+ 24. Qxc1 Nc6 25. b4 axb4 26. axb4 Nd7 27. Qb2 Qb5 28. e4 Nb6 29. Qa2 Nxd4 30. Qa7 Nc6 31. Qxb7 Nd8 32. Qb8 Qe8 33. Qxb6 f6 34. Ngf3 dxe4 35. Qe3 d5 36. Nd4 Qa4 37. Qc3 Qd1+ 38. Nf1 Nf7 39. b5 Ne5 40. b6 Qxd4 41. Qc8+ Kh7 42. b7 Nf3+ 43. Kg2 Ne1+ 44. Kg1 Nf3+ 1/2-1/2

[Event "UKR-chT 15th"]
[Site "Alushta"]
[Date "2008.05.24"]
[Round "4.1"]
[White "Kononenko, Dmitry1"]
[Black "Khachatryan, Vahag H"]
[Result "0-1"]
[WhiteElo "2210"]
[BlackElo "2058"]
[PlyCount "124"]
[EventDate "2008.05.21"]
[EventType "team-tourn"]
[EventRounds "9"]
[EventCountry "UKR"]
[SourceTitle "EXT 2019"]
[Source "ChessBase"]
[SourceDate "2018.10.10"]
[SourceVersion "1"]
[SourceVersionDate "2018.10.10"]
[SourceQuality "1"]
[WhiteTeam "Donetsk region"]
[BlackTeam "Cherkasy Etiud"]
[WhiteTeamCountry "UKR"]
[BlackTeamCountry "UKR"]

1. e4 e5 2. Nf3 Nc6 3. d4 exd4 4. Nxd4 d6 5. Bc4 Nf6 6. 0-0 Be7 7. Nc3 0-0 8. Bb3 Bd7 9. Bg5 Nxe4 10. Bxe7 Qxe7 11. Re1 Nxc3 12. Rxe7 Nxd1 13. Rxd7 Nxd4 14. Rxd1 Nxb3 15. cxb3 Rac8 16. Rc1 Rfe8 17. Kf1 Kf8 18. Rcxc7 Rxc7 19. Rxc7 Re7 20. Rc8+ Re8 21. Rc3 f6 22. b4 Kf7 23. b5 Re5 24. Rc7+ Re7 25. Rc8 Ke6 26. a4 b6 27. b4 g5 28. f3 h5 29. Rc6 Kd7 30. a5 bxa5 31. Ra6 axb4 32. Rxa7+ Ke6 33. b6 Re8 34. Ra4 Kd5 35. b7 Rb8 36. Rxb4 Kc5 37. Rb2 Kc6 38. Rc2+ Kxb7 39. Ke2 Rc8 40. Ra2 Kc6 41. h4 Kd5 42. Kd3 Ke5 43. Ra4 d5 44. hxg5 fxg5 45. Ra7 h4 46. Rf7 Ra8 47. f4+ gxf4 48. Re7+ Kf6 49. Rh7 Ra2 50. Rxh4 Kf5 51. Rh8 Kg4 52. Rh7 Rxg2 53. Rd7 Ra2 54. Rxd5 f3 55. Rd8 f2 56. Rf8 Kg3 57. Ke3 Kg2 58. Rg8+ Kf1 59. Rb8 Ra3+ 60. Kf4 Kg2 61. Rg8+ Kh2 62. Rh8+ Rh3 0-1